[Event "VIE-ch U17"]
[Site "Hanoi"]
[Date "2022.06.15"]
[Round "6"]
[White "Tran, Quoc Thinh"]
[Black "Vo, Van Viet"]
[Result "1/2-1/2"]
[WhiteElo "2279"]
[BlackElo "2278"]
[PlyCount "33"]
[EventDate "2022.06.11"]
[EventType "swiss"]
[EventRounds "7"]
[EventCountry "VIE"]
[SourceTitle "EXT 2023"]
[Source "ChessBase"]
[SourceDate "2022.10.05"]
[SourceVersion "1"]
[SourceVersionDate "2022.10.05"]
[SourceQuality "1"]

1. e4 c5 2. Nf3 Nc6 3. d4 cxd4 4. Nxd4 Nf6 5. Nc3 a6 6. Bg5 e5 7. Nf3 Bb4 8. Qd3 h6 9. Bxf6 Qxf6 10. 0-0-0 Bxc3 11. Qxc3 0-0 12. Qc5 Re8 13. Bc4 b5 14. Bd5 Rb8 15. Bxc6 Qxc6 16. Qd6 Rb6 17. Qxc6 1/2-1/2

[Event "VIE-ch U17"]
[Site "Hanoi"]
[Date "2022.06.15"]
[Round "7"]
[White "Vo, Van Viet"]
[Black "Le, Quang Minh"]
[Result "1/2-1/2"]
[WhiteElo "2278"]
[BlackElo "2289"]
[PlyCount "69"]
[EventDate "2022.06.11"]
[EventType "swiss"]
[EventRounds "7"]
[EventCountry "VIE"]
[SourceTitle "EXT 2023"]
[Source "ChessBase"]
[SourceDate "2022.10.05"]
[SourceVersion "1"]
[SourceVersionDate "2022.10.05"]
[SourceQuality "1"]

1. d4 e6 2. c4 d5 3. e3 Nf6 4. Nf3 Be7 5. Nc3 b6 6. cxd5 exd5 7. Be2 0-0 8. 0-0 h6 9. h3 Be6 10. Qc2 c5 11. Bd2 Nbd7 12. Rac1 Rc8 13. a3 cxd4 14. Nxd4 Ne4 15. Qd1 Ndc5 16. Nxe4 Nxe4 17. Bf3 Rxc1 18. Qxc1 Nxd2 19. Qxd2 Qd7 20. Rc1 Rc8 21. Nxe6 fxe6 22. Rxc8+ Qxc8 23. Bd1 Bf6 24. Bb3 a5 25. Qc2 Qxc2 26. Bxc2 Be7 27. a4 Kf7 28. Kf1 e5 29. Ke2 Ke6 30. g4 Kd6 31. Kd3 e4+ 32. Ke2 Kc5 33. f3 exf3+ 34. Kxf3 Kb4 35. Ke2 1/2-1/2

[Event "VIE-ch U17"]
[Site "Hanoi"]
[Date "2022.06.13"]
[Round "3"]
[White "Hoang, Quoc Khanh"]
[Black "Vo, Van Viet"]
[Result "1-0"]
[WhiteElo "2292"]
[BlackElo "2278"]
[PlyCount "33"]
[EventDate "2022.06.11"]
[EventType "swiss"]
[EventRounds "7"]
[EventCountry "VIE"]
[SourceTitle "EXT 2023"]
[Source "ChessBase"]
[SourceDate "2022.10.05"]
[SourceVersion "1"]
[SourceVersionDate "2022.10.05"]
[SourceQuality "1"]

1. d4 Nf6 2. Nf3 e6 3. g3 c5 4. Bg2 cxd4 5. Nxd4 d5 6. 0-0 Be7 7. c4 b6 8. cxd5 exd5 9. Nc3 0-0 10. Bf4 Bb7 11. Nf5 Re8 12. e4 dxe4 13. Qxd8 Bxd8 14. Nd6 Re7 15. Nxb7 Rxb7 16. Nxe4 Nxe4 17. Bxe4 1-0